Έμφυλη βία - βία κατά των γυναικών

Αποθηκεύτηκε σε:
Λεπτομέρειες βιβλιογραφικής εγγραφής
Άλλοι συγγραφείς: Βαΐου-Χατζημιχάλη, Ντίνα (edtf), Πετράκη, Γεωργία (edtf), Στρατηγάκη, Μαρία (edtf)
Μορφή: Βιβλίο
Γλώσσα:Greek
Δημοσίευση: Αθήνα : Αλεξάνδρεια, c2021.
Σειρά:Κοινωνία και πολιτισμός
Θέματα:
Ετικέτες: Προσθήκη ετικέτας
Δεν υπάρχουν, Καταχωρήστε ετικέτα πρώτοι!

MARC

LEADER 00000cam a2200000 a 4500
001 1/124827
008 220512s2021####gr | ||| |||| ||gre||
020 |a 9789602219461 
040 |a GR-MyUa  |b gre  |c GR-MyUa  |e AACR2 
041 0 |a gre 
082 7 |a 362.8292   |2 (23) 
245 0 0 |a Έμφυλη βία - βία κατά των γυναικών /   |c επιμέλεια Ντίνα Βαΐου, Γεωργία Πετράκη, Μαρία Στρατηγάκη.  
260 |a Αθήνα :   |b Αλεξάνδρεια,   |c c2021.  
300 |a 338 σ. ;   |c 24 εκ.  
490 1 |a (Κοινωνία και πολιτισμός)  
500 |a Τόμος αφιερωμένος στην μνήμη της Καίτης Παπαρρήγα-Κωσταβάρα. Με πρωτοβουλία του Εργαστηρίου Σπουδών Φύλου (Πάντειο Πανεπιστήμιο).  
504 |a Περιλαμβάνει βιβλιογραφικές παραπομπές.  
650 0 |a Abused wives. 
650 0 |a Wife abuse. 
650 0 |a Marital violence. 
700 1 |a Βαΐου-Χατζημιχάλη, Ντίνα,  |e edtf 
700 1 |a Πετράκη, Γεωργία,  |e edtf 
700 1 |a Στρατηγάκη, Μαρία,  |e edtf 
830 0 |a Κοινωνία και πολιτισμός 
852 |a INST  |b LESVOS  |e 20220512  |h 362.8292 ΕΜΦ  |p 005100063540  |q 005100063540  |t BK  |y 0 
970 |a Καμάτσου  |b Δέσποινα  |z 12-05-2022